The return : the story of a young Jewish couple's journey to Orthodoxy /

Presents the story of a young Jewish couple's return to Orthodoxy and the fundamental changes this brings to their lives. Examines the Orthodox rites and customs the couple must follow before and after their wedding.

Bibliographic Details
Corporate Authors: Philip Burton Productions, TMW Media Group
Format: Video VHS
Language:English
Published: ©1998
Subjects:

MARC

Tag First Indicator Second Indicator Subfields
LEADER 00000cgm a2200000Ia 4500
001 in00001561921
005 20151022071814.0
007 vf cbaho-
008 010116p19981987cau027 vleng d
028 4 3 |a H70  |b TMW Media Group 
035 |a (OCoLC)ocm45725851 
035 |a (OCoLC)45725851 
040 |a TXA  |c TXA  |d UtOrBLW 
043 |a n-us--- 
049 |a TXAM 
090 |a BM205  |b .R48 1998 
245 0 4 |a The return :  |b the story of a young Jewish couple's journey to Orthodoxy /  |c produced by Philip Burton Productions, Inc. 
264 2 |a Vienna, CA :  |b TMW Media Group [distributor],  |c [1998] 
264 4 |c ©1998 
300 |a 1 videocassette (27 min.) :  |b sound, color ;  |c 1/2 in. 
336 |a two-dimensional moving image  |b tdi  |2 rdacontent 
337 |a video  |b v  |2 rdamedia 
338 |a videocassette  |b vf  |2 rdacarrier 
538 |a VHS. 
500 |a Title from the container. 
520 |a Presents the story of a young Jewish couple's return to Orthodoxy and the fundamental changes this brings to their lives. Examines the Orthodox rites and customs the couple must follow before and after their wedding. 
500 |a Videorecording. 
650 0 |a Jews  |z United States  |x Return to Orthodox Judaism. 
650 0 |a Marriage  |x Religious aspects  |x Judaism. 
650 0 |a Orthodox Judaism  |x Relations  |x Nontraditional Jews. 
650 0 |a Jewish marriage customs and rites  |z United States. 
655 7 |a Documentary films.  |2 lcgft 
710 2 |a Philip Burton Productions. 
710 2 |a TMW Media Group. 
994 |a E0  |b TXA 
948 |a cataloged  |b h  |c 2001/1/16  |d o  |e jho  |f 4:01:57 pm 
999 |a MARS 
999 f f |s 8db7fab3-3aca-392d-bcd7-6ea6260095ac  |i 90c3898d-d6c2-3e6a-8bd1-d4b19606ed65  |t 0 
952 f f |p ric  |a Texas A&M University  |b Rellis Campus  |c Joint Library Facility  |d Remote Storage  |t 0  |e BM205 .R48 1998  |h Library of Congress classification  |i video -- videocassette  |m A14826912882 
998 f f |a BM205 .R48 1998  |t 0  |l Remote Storage